Statistics for Click Language to Family

Click here to take the quiz!

General Stats

  • This quiz has been taken 3,228 times
  • The average score is 25 of 30

Answer Stats

HintAnswer% Correct
German2. Germanic
94%
Italian4. Romance
92%
Turkish7. Turkic
92%
Dutch2. Germanic
91%
Spanish4. Romance
91%
French4. Romance
90%
Portuguese4. Romance
90%
Mandarin5. Sino-Tibetan
90%
Russian6. Slavic
89%
Ukrainian6. Slavic
89%
English2. Germanic
87%
Wu5. Sino-Tibetan
87%
Serbo-Croatian6. Slavic
87%
Hindi3. Indo-Iranian
86%
Persian3. Indo-Iranian
86%
Cantonese5. Sino-Tibetan
86%
Punjabi3. Indo-Iranian
85%
Swedish2. Germanic
84%
Romanian4. Romance
83%
Afrikaans2. Germanic
80%
Bengali3. Indo-Iranian
79%
Czech6. Slavic
79%
Polish6. Slavic
79%
Javanese1. Austronesian
73%
Tagalog1. Austronesian
69%
Uzbek7. Turkic
68%
Malay1. Austronesian
67%
Azerbaijani7. Turkic
64%
Kazakh7. Turkic
64%
Uyghur7. Turkic
54%

Score Distribution

Percentile by Number Answered

Percent of People with Each Score

Your Score History

You have not taken this quiz